| 000 | 00680nam a2200241 a 4500 | ||
|---|---|---|---|
| 005 | 20240925070126.0 | ||
| 008 | 991125s1988 bue 000 0 spa u | ||
| 020 | _a9506021619 | ||
| 035 | _aUPN01000058770 | ||
| 049 | _aCG | ||
| 050 | 4 |
_aHM299 _bK3.9 |
|
| 100 | 1 |
_aKalina, Eduardo, _d1937- |
|
| 245 | 1 | 0 |
_aViolencias : _bun enfoque circular / _cEduardo Kalina y Mariana Perel. |
| 260 |
_aBuenos Aires : _bNueva Visión, _c1988. |
||
| 300 | _a97 p. | ||
| 440 | 0 | _aVilla Guadalupe | |
| 650 | 2 |
_aProblemas sociales _96247 |
|
| 650 | 4 |
_aUNIVERSO - _xDESTRUCCION _926934 |
|
| 650 | 4 |
_aViolencia _97151 |
|
| 700 | 1 |
_aPerel, Mariana, _ecoaut. |
|
| 904 | _b058773 | ||
| 905 | _aLibro | ||
| 999 |
_c58770 _d58770 |
||